| 000 | 00542nam a2200217Ia 4500 | ||
|---|---|---|---|
| 008 | 170918s9999 xx 000 0 und d | ||
| 020 | _a9780545668200 | ||
| 050 | _bS857cl 2006 | ||
| 100 | _aStilton, Geronimo | ||
| 245 | _aClassic tales : | ||
| 245 | _btreasure island / | ||
| 245 | _cby Geronimo Stilton and Robert Louis Stevenson. | ||
| 260 | _aUSA : | ||
| 260 | _bScholastic, | ||
| 260 | _c2006 | ||
| 300 | _a200 pages : | ||
| 300 | _bcolor illustrations ; | ||
| 300 | _c19cm. | ||
| 300 | _eClassic tales. | ||
| 500 | _a630 | ||
| 999 |
_c344031 _d344031 |
||